| 000 | 01083nam a2200313 i 4500 | ||
|---|---|---|---|
| 003 | EG-GICUC | ||
| 005 | 20260307081122.0 | ||
| 008 | 260307s1958 -usab||fr|||| 001 0 eng d | ||
| 040 |
_aEG-GiCUC _beng _cEG-GiCUC _dEG-GiCUC _erda |
||
| 041 | 0 | _aeng | |
| 082 | 0 | 4 |
_221 _a341.71 _bSC . I |
| 092 | 0 | 4 | _221 |
| 099 | _aLaw1 11 341.71 SC . I 6 ed - 1958 | ||
| 100 | 0 |
_aSchuman, Krederick L _eAuthor. |
|
| 245 | 1 | 0 |
_aInternational Politics : _bThe Western State System And The World Community / _cKrederick L. Schuman. |
| 250 | _aSixth Edition. | ||
| 264 | 1 |
_aNew York : _bMcgraw-hill Book Company, _c1958. |
|
| 300 |
_a745pages : _billustrations, _c24 cm |
||
| 336 |
_2rda content _atext |
||
| 337 |
_2rda media _aComputer |
||
| 338 |
_2rda carrier _aOnline Resource |
||
| 500 | _aIllustrated With Fifty Maps By George D. Brodsky | ||
| 504 | _aIncludes bibliographical references and index. | ||
| 546 | _aText in English | ||
| 650 | 1 | 4 | _aPublic international law |
| 856 | 4 | 0 | _uhttps://fll.law.cu.edu.eg/fulltext/bks/B11-08248.pdf |
| 905 | _a48 | ||
| 942 |
_2ddc _cBK _e21 _n0 |
||
| 999 |
_c65543 _d65543 |
||